Georgia Transmission EMC Quiz - Statistics

General Stats
  • This quiz has been taken 2 times
  • The average score is 18 of 38
Answers on the Map
Answers color-coded by a green-red scale on the quiz's map according to % correct below.
 
Answer Stats
Answer % Correct
Coastal Electric Cooperative
100%
Cobb EMC
100%
Diverse Power
100%
Excelsior EMC
100%
Flint Energies
100%
GreyStone Power
100%
Jefferson Energy Cooperative
100%
Rayle EMC
100%
Sawnee EMC
100%
Southern Rivers Energy
100%
Altamaha EMC
50%
Amicalola EMC
50%
Canoochee EMC
50%
Central Georgia EMC
50%
Colquitt EMC
50%
Habersham EMC
50%
Irwin EMC
50%
Jackson EMC
50%
Middle Georgia EMC
50%
Oconee EMC
50%
Okefenoke EMC
50%
Satilla REMC
50%
Tri-County EMC
50%
Walton EMC
50%
Washington EMC
50%
Carroll EMC
0%
Coweta-Fayette EMC
0%
Grady EMC
0%
Hart EMC
0%
Little Ocmulgee EMC
0%
Mitchell EMC
0%
Ocmulgee EMC
0%
Planters EMC
0%
Slash Pine EMC
0%
Snapping Shoals EMC
0%
Sumter EMC
0%
Three Notch EMC
0%
Upson EMC
0%
No matching quizzes found
Score Distribution
Percent of People with Each Score
Percentile by Number Answered
Your Score History
You have not taken this quiz